Japan's finance and industry Economic investigation section department of finance

Spremljeno u:
Bibliografski detalji
Glavni autor: Kaya, Okinori
Format: Knjiga
Jezik:Undetermined
Izdano: Tokyo Foreign Affairs Association of Japan 1938
Teme:
Oznake: Dodaj oznaku
Bez oznaka, Budi prvi tko označuje ovaj zapis!
Thư viện lưu trữ: Trung tâm Học liệu Trường Đại học Cần Thơ
LEADER 00577nam a2200205Ia 4500
001 CTU_87846
008 210402s9999 xx 000 0 und d
082 |a 332.0952 
082 |b K23 
100 |a Kaya, Okinori 
245 0 |a Japan's finance and industry 
245 0 |b Economic investigation section department of finance 
245 0 |c Okinori Kaya 
260 |a Tokyo 
260 |b Foreign Affairs Association of Japan 
260 |c 1938 
650 |a Finance 
650 |z Japan 
904 |i Trọng Hiếu 
980 |a Trung tâm Học liệu Trường Đại học Cần Thơ